000 02221cam a2200397Ii 4500
001 11551509
003 USPCAS-E
005 20180118181415.0
006 m o d
007 cr mn ||||||||
008 150627t20152015enka obf 001 0 eng d
020 _a9780128011737
020 _z9780128009406
035 _a(CtWfDGI)bke00077729
035 _a(NNC)11551509
040 _aCtWfDGI
_beng
_erda
_epn
_cCtWfDGI
050 1 4 _aTK1055
_b.B37 2015eb
082 0 4 _a621.04203
_223
_bBAS-P 2015
100 1 _aBasu, Swapan,
_eauthor.
245 1 0 _aPower plant instrumentation and control handbook :
_ba guide to thermal power plants /
_cSwapan Basu, Ajay Kumar Debnath, Systems & Controls, Kolkata, India.
260 _aLondon:
_bElsevier,
_c2015.
300 _a1 online resource :
_billustrations
502 _a0
504 _aIncludes bibliographical references and index.
520 _aThis book discusses instrumentation and control in modern fossil fuel power plants, with an emphasis on selecting the most appropriate systems subject to constraints engineers have for their projects. It provides all the plant process and design details, including specification sheets and standards currently followed in the plant. Features of the book are the inclusion of control loop strategies and BMS/FSSS step by step logic; coverage of analytical instruments and technologies for pollution and energy savings; and coverage of the trends toward filed bus systems and integration of subsystems into one network with the help of embedded controllers and OPC interfaces; includes comprehensive listings of operating values and ranges of parameters for temperature, pressure, flow, level, etc of a typical 250/500 MW thermal power plant. --
650 0 _aGeothermal power plants
_vHandbooks, manuals, etc.
650 0 _aPower-plants
_vHandbooks, manuals, etc.
650 0 _aFossil fuel power plants
_vHandbooks, manuals, etc.
655 7 _aElectronic books.
_2lcsh
655 0 _aElectronic books.
700 1 _aDebnath, Ajay Kumar,
_eauthor.
710 2 _aBooks24x7, Inc.
856 4 0 _uhttp://www.columbia.edu/cgi-bin/cul/resolve?clio11551509
_zClick here for full text.
942 _2ddc
_cBK
999 _c355838
_d355838